000 00353nam a2200145Ia 4500
008 210210b1989 xxu||||| |||| 00| 0 eng d
082 _a820.13 SETG
100 _aSETH (Vikram).
245 _aGolden gate.
260 _aN D
_bOxford University Press
_c1989
300 _ax,3-307
650 _aPoems
690 _aIndian English Poetry
906 _a042789
999 _c92553
_d92553